Oxford handbook of oral and maxillofacial surgery / (Record no. 20000)
[ view plain ]
| 000 -LEADER | |
|---|---|
| fixed length control field | 01160cam a22003255a 4500 |
| 001 - CONTROL NUMBER | |
| control field | 015855411 |
| 003 - CONTROL NUMBER IDENTIFIER | |
| control field | OSt |
| 005 - DATE AND TIME OF LATEST TRANSACTION | |
| control field | 20201203140951.0 |
| 008 - FIXED-LENGTH DATA ELEMENTS--GENERAL INFORMATION | |
| fixed length control field | 110718s2011 enka frbf f001 0 eng d |
| 020 ## - INTERNATIONAL STANDARD BOOK NUMBER | |
| International Standard Book Number | 9780199583294 (pbk.) |
| 020 ## - INTERNATIONAL STANDARD BOOK NUMBER | |
| International Standard Book Number | 0199583293 (pbk.) |
| 040 ## - CATALOGING SOURCE | |
| Original cataloging agency | StDuBDS |
| Language of cataloging | eng |
| Transcribing agency | StDuBDS |
| Modifying agency | Uk |
| -- | EG-ScBUE |
| 082 04 - DEWEY DECIMAL CLASSIFICATION NUMBER | |
| Classification number | 617.605 |
| Item number | OXF |
| Edition number | 22 |
| 245 00 - TITLE STATEMENT | |
| Title | Oxford handbook of oral and maxillofacial surgery / |
| Statement of responsibility, etc | Luke Cascarini ... [et al.] |
| 246 30 - VARYING FORM OF TITLE | |
| Title proper/short title | Handbook of oral and maxillofacial surgery |
| 260 ## - PUBLICATION, DISTRIBUTION, ETC. (IMPRINT) | |
| Place of publication, distribution, etc | Oxford ; |
| -- | New York : |
| Name of publisher, distributor, etc | Oxford University Press, |
| Date of publication, distribution, etc | 2011. |
| 300 ## - PHYSICAL DESCRIPTION | |
| Extent | xviii, 273 p. : |
| Other physical details | ill. ; |
| Dimensions | 18 cm. |
| 490 0# - SERIES STATEMENT | |
| Series statement | Oxford handbooks |
| 490 0# - SERIES STATEMENT | |
| Series statement | Oxford Medical Publications |
| 500 ## - GENERAL NOTE | |
| General note | Index : p. 267-273. |
| 500 ## - GENERAL NOTE | |
| General note | The essential quick-reference guide to OMFS. |
| 504 ## - BIBLIOGRAPHY, ETC. NOTE | |
| Bibliography, etc | Includes bibliographical references. |
| 650 #0 - SUBJECT ADDED ENTRY--TOPICAL TERM | |
| Topical term or geographic name as entry element | Face |
| General subdivision | Surgery |
| Form subdivision | Handbooks, manuals, etc. |
| Source of heading or term | BUEsh |
| 650 #0 - SUBJECT ADDED ENTRY--TOPICAL TERM | |
| Topical term or geographic name as entry element | Mouth |
| General subdivision | Surgery |
| Form subdivision | Handbooks, manuals, etc. |
| Source of heading or term | BUEsh |
| 650 #0 - SUBJECT ADDED ENTRY--TOPICAL TERM | |
| Topical term or geographic name as entry element | Maxilla |
| General subdivision | Surgery |
| Form subdivision | Handbooks, manuals, etc. |
| Source of heading or term | BUEsh |
| 9 (RLIN) | 35959 |
| 651 ## - SUBJECT ADDED ENTRY--GEOGRAPHIC NAME | |
| Source of heading or term | BUEsh |
| 653 ## - INDEX TERM--UNCONTROLLED | |
| Arrived date list | June2015 |
| -- | July2015 |
| 700 1# - ADDED ENTRY--PERSONAL NAME | |
| Personal name | Cascarini, Luke. |
| 942 ## - ADDED ENTRY ELEMENTS (KOHA) | |
| Source of classification or shelving scheme | Dewey Decimal Classification |
| Call number prefix | 617.522059 OXF |
| Withdrawn status | Lost status | Source of classification or shelving scheme | Damaged status | Not for loan | Koha collection | Home library | Current library | Shelving location | Date acquired | Source of acquisition | Cost, normal purchase price | Serial Enumeration / chronology | Total Checkouts | Total Renewals | Full call number | Barcode | Date last seen | Date last borrowed | Cost, replacement price | Koha item type |
|---|---|---|---|---|---|---|---|---|---|---|---|---|---|---|---|---|---|---|---|---|
| Dewey Decimal Classification | Alahram | Central Library | Central Library | Ground Floor | 28/06/2015 | Purchase | 125.00 | 306 | 2 | 4 | 617.605 OXF | 000039066 | 15/07/2025 | 20/11/2022 | 156.25 | Reference (NB) |